Middle Names of Famous Men Quiz Stats

 Plays Quiz not verified by Sporcle

Challenge
Share
Tweet
Embed
Score 0/20 Timer 06:00
0 Plays Today
Full Name Middle Name % Correct
Martin KingLuther
85.5%
Barack ObamaHussein
75.5%
George BushWalker
72.7%
John KennedyFitzgerald
70.9%
Billie KingJean
68.2%
William PittBradley
42.7%
Tom Riddle Marvolo
30.9%
Michael JordanJeffrey
28.2%
John NicholsonJoseph
28.2%
David LettermanMichael
25.5%
Full Name Middle Name % Correct
Eric ClaptonPatrick
15.5%
Christiano dos Santos AvieroRonaldo
15.5%
Jesus ChristH
13.6%
George ClooneyTimothy
11.8%
Paul RuddStephen
10.9%
Derek JeterSanderson
8.2%
Leonardo DicaprioWilhelm
7.3%
Macauly CulkinCarson
7.3%
John MayerClayton
6.4%
Eldrick WoodsTont
5.5%

You're not logged in!

Compare scores with friends on all Sporcle quizzes.
OR
Log In

You Might Also Like...

Show Comments

Extras

Top Quizzes Today


Score Distribution

Your Account Isn't Verified!

In order to create a playlist on Sporcle, you need to verify the email address you used during registration. Go to your Sporcle Settings to finish the process.

Report this User

Report this user for behavior that violates our Community Guidelines.

Details: